000
00323nam a2200133Ia 4500
005
20251222144751.0
008
251222s9999||||xx |||||||||||||| ||spa||
020
_a
84-334-5049-2
082
_a
863.64/T15
100
_a
Pablo Ignacio Taibo I.
245
0
_a
Para parar las Aguas del Olvido
264
_b
Jucar
942
_c
LIB
999
_c
19362
_d
19362